000 00916nam a2200205 i 4500
001 181227
003 ES-MaACL
005 20250812224327.0
008 121105s1919 sp |||| | spa d
100 1 _aLorente de No, Fernando.
_9149759
245 1 0 _aNotas para la introducción del método de las perturbaciones en la mecánica general /
_cpor F. Lorente de Nó.
260 _aMadrid :
_bJunta para Ampliación de Estudios e Investigaciones Científicas,
_c1919.
300 _aP. [203]-258 ;
_c23 cm.
490 1 _aPublicaciones del Laboratorio y Seminario Matemático ;
_vt. 3. Memoria 4ª
650 4 _aDinámica.
_9151794
710 2 _aJunta para la Ampliación de Estudios e Investigaciones Científicas.
_95413
830 0 0 _aPublicaciones del Laboratorio y Seminario Matemático
_vt. 3. Memoria 4ª
_9191411
852 _aES-MaACL
_jB-13178(4)
_z.- Enc. vol. facticio
999 _c181227
_d181227